444 turistických zajímavostí Slovenska

Bibliographic Details
Corporate Author: Vojenský kartografický ústav (Harmanec, Slovensko) (Author)
Other Authors: Janoška, Martin (Translator), Juchniewicz, Ryszard (Translator), Szabó, István (Translator), Lacika, Ján, 1956- (Photographer), Struhár, Ladislav, 1954- (Photographer)
Format: Book
Language:Czech
Polish
Hungarian
PhysicalDescription:255 s. fareb. fotogr., mp. 24 cm
Published: Harmanec Vojenský kartografický ústav 2003
ISBN:8080423962
Edition:1. vyd.
Subjects:

MARC

LEADER 00000cam a2200000 a 4500
001 vtls001456344
003 SK-MaSNL
005 20260426001843.0
008 240226s2003 xo abo 001 0 cze
015 |a SNBE2003/03-01868 
020 |a 8080423962 
035 |a SNK000411651 
035 |a urn:nbn:sk:snk-amygzw 
035 |a urn:nbn:sk:snk-am00ck2p 
035 |a 7E2625A0-6FEA-4A60-8A69-4F67785B69F7 
040 |a SNK  |b slo  |c SNK  |e AACR2 
041 0 |a cze  |a pol  |a hun 
043 |a e-xo--- 
044 |a xo  |c SK 
072 7 |a 913(4)  |x Geografia Európy, reálie, cestovanie  |2 konspekt 
080 |a 913:338.483.1  |2 2011 
080 |a 338.48  |2 2011 
080 |a (437.6)  |2 2011 
080 |a (036)  |2 2011 
110 2 |a Vojenský kartografický ústav (Harmanec, Slovensko)  |4 aut  |4 pbl  |9 32777 
245 1 0 |a 444 turistických zajímavostí Slovenska  |c spracoval Vojenský kartografický ústav, Harmanec ; český preklad: Martin Janoška, poľský preklad: Ryszard Juchniewicz, maďarský preklad: István Szabó ; autor fotografií: J. Lacika, L. Struhár 
246 3 |a Čtyřista čtyřicet čtyři turistických zajímavostí Slovenska 
246 3 1 |a 444 turisztikai látványosság Szlovákiában 
246 3 1 |a 444 atrakcje turystyczne Słowacji 
250 |a 1. vyd. 
260 |a Harmanec  |b Vojenský kartografický ústav  |c 2003 
300 |a 255 s.  |b fareb. fotogr., mp.  |c 24 cm 
500 |a Text čes., súbežný názov a text poľ. a maď. 
504 |a Register 
650 0 7 |a turistické zaujímavosti  |2 SNKPH  |9 73869 
650 0 7 |a cestovný ruch  |2 SNKPH  |9 999 
650 0 7 |a Tourist sights  |2 SNKPHeng  |9 296885 
650 0 7 |a Tourism  |2 SNKPHeng  |9 266335 
651 7 |a Slovensko  |2 SNKPH  |9 14231 
651 7 |a Slovakia  |2 SNKPHeng  |9 92630 
655 7 |a informačné publikácie  |2 SNKPH  |9 70181 
655 7 |a Information publications  |2 SNKPHeng  |9 265188 
700 1 |a Janoška, Martin  |4 trl  |9 586455 
700 1 |a Juchniewicz, Ryszard  |4 trl  |9 295730 
700 1 |a Szabó, István  |4 trl  |9 72577 
700 1 |a Lacika, Ján,  |d 1956-  |4 pht  |9 101502 
700 1 |a Struhár, Ladislav,  |d 1954-  |4 pht  |9 89482 
919 |a 80-8042-396-2 
958 |a NB 
958 |a OND 
999 |c 901888  |d 903818 
952 |t P60, <03>, [BOOK], {603}  |a SNK  |b SNK  |y PREZ  |7 0  |p 17A0389346  |o snkSC 112154  |i snkKSP 8085/2003  |0 0  |1 0  |4 0  |d 2003-07-09  |l 0  |r 2025-10-02 00:00:00  |w 2026-02-24 
952 |a SNK  |b SNK  |y VYP  |7 0  |p 17A0389345  |o snkSC 112154 D1  |i snkKSP 8086/2003  |0 0  |1 0  |4 0  |d 2003-07-09  |f 1  |l 0  |r 2005-01-02 00:00:00  |w 2026-02-24 
952 |t snkSVK 908.11.9  |a SNKUST  |b SNKUST  |y PREZ  |7 0  |p 17A0474773  |o snkSC 112154 D2  |i snk2006/10054  |8 3  |g 18.22  |0 0  |1 0  |4 0  |d 2006-05-18  |l 0  |r 2025-05-28 00:00:00  |w 2026-02-24